|
|
|
|
| LEADER |
00000nam0a2200000 4500 |
| 001 |
121360 |
| 005 |
20231031125353.0 |
| 035 |
|
|
|a (RuTPU)RU\TPU\book\131435
|
| 090 |
|
|
|a 121360
|
| 100 |
|
|
|a 20070912d1988 m y0rusy50 ca
|
| 101 |
0 |
|
|a rus
|
| 102 |
|
|
|a RU
|
| 105 |
|
|
|a a z 001zy
|
| 200 |
1 |
|
|a Дымковская игрушка
|f И. Я. Богуславская
|
| 210 |
|
|
|a Ленинград
|c Художник РСФСР
|d 1988
|
| 215 |
|
|
|a 334 с.
|c ил.
|
| 320 |
|
|
|a Библиогр.: с. 318-320.
|
| 320 |
|
|
|a Библиография в примечаниях. 291-299.
|
| 610 |
1 |
|
|a дымковская игрушка
|
| 610 |
1 |
|
|a керамические изделия
|
| 610 |
1 |
|
|a искусство
|
| 610 |
1 |
|
|a 19 век
|
| 610 |
1 |
|
|a 20 век
|
| 610 |
1 |
|
|a русское искусство
|
| 675 |
|
|
|a 738
|v 3
|
| 700 |
|
1 |
|a Богуславская
|b И. Я.
|g Ирина Яковлевна
|
| 801 |
|
1 |
|a RU
|b 63413507
|c 20070912
|g PSBO
|
| 801 |
|
2 |
|a RU
|b 63413507
|c 20071204
|g PSBO
|
| 942 |
|
|
|c BK
|